Maquinado de metales con máquinas herramientas : principios y práctica

Bibliographic Details
Main Author: Feirer, John
Format: Section = Libro
Language:Undetermined
Spanish
Published: México Continental 1980
Edition:2a.ed.
Subjects:
LEADER 00598nam a2200217Ia 4500
008 240829s9999 xx 000 0 und d
020 |a 968-26-0048-0 
040 |a BIBLIOTECA-RUPAP 621.902 F299 
041 |a spa 
082 |a 621.902 F299 
100 1 |a Feirer, John 
245 1 0 |a Maquinado de metales con máquinas herramientas : principios y práctica 
250 |a 2a.ed. 
260 |a México  |b Continental  |c 1980 
300 |a 674 p. :il. 
650 7 |a MAQUINAS HERRAMIENTAS 
650 7 |b  TALLER MECANICO 
650 7 |c  METALISTERIA. I. Tít. 
942 |c BK  |2 ddc 
991 |a TEXTO 
999 |c 9373